| Tag |
First Indicator |
Second Indicator |
Subfields |
| LEADER |
00000cam a2200000 a 4500 |
| 001 |
in00004493213 |
| 005 |
20191203081953.0 |
| 008 |
930315s1993 mnua b s001 0 eng |
| 010 |
|
|
|a 93003716
|
| 020 |
|
|
|a 0816622655 (acid-free paper)
|
| 020 |
|
|
|a 0816622663 (pbk. : acid-free paper)
|
| 035 |
|
|
|a (OCoLC)ocm27895893
|
| 035 |
|
|
|z (UtOrBLW)30056
|
| 035 |
|
|
|a 44863
|
| 040 |
|
|
|a DLC
|c DLC
|d AGL
|d NOR
|d UtOrBLW
|
| 049 |
|
|
|a TMVM
|c 1
|
| 050 |
0 |
0 |
|a QL737.C25
|b P66 1993
|
| 070 |
0 |
|
|a QL737.C25P66
|b 1993
|
| 072 |
|
0 |
|a L300
|
| 082 |
0 |
0 |
|a 599.74/447
|2 20
|
| 096 |
|
|
|a QL 737 C25
|b P882f 1993
|
| 100 |
1 |
|
|a Powell, Roger A.
|
| 245 |
1 |
4 |
|a The fisher :
|b life history, ecology, and behavior /
|c Roger A. Powell.
|
| 250 |
|
|
|a Second edition.
|
| 264 |
|
1 |
|a Minneapolis :
|b University of Minnesota Press,
|c [1993]
|
| 264 |
|
4 |
|c ©1993
|
| 300 |
|
|
|a xviii, 237 pages :
|b illustrations ;
|c 24 cm.
|
| 336 |
|
|
|a text
|2 rdacontent
|b txt
|
| 337 |
|
|
|a unmediated
|2 rdamedia
|
| 338 |
|
|
|a volume
|2 rdacarrier
|b nc
|
| 504 |
|
|
|a Includes bibliographical references (pages 215-232) and index.
|
| 505 |
0 |
0 |
|g ch. 1.
|t Fisher itself --
|g ch. 2.
|t Anatomy --
|g ch. 3.
|t Life history and early development --
|g ch. 4.
|t Past and present distribution and population fluctuations --
|g ch. 5.
|t Habitat --
|g ch. 6.
|t Food habits --
|g ch. 7.
|t Hunting and killing behavior of fishers hunting prey other than porcupines --
|g ch. 8.
|t Fishers and porcupines --
|g ch. 9.
|t General habits, home range, and spacing patterns --
|g ch. 10.
|t Ecological energetics of the fisher --
|g ch. 11.
|t Conservation and the fisher's relationship to humans.
|
| 650 |
|
2 |
|a Carnivora.
|
| 650 |
|
2 |
|a Behavior, Animal.
|
| 999 |
|
|
|a MARS
|
| 999 |
f |
f |
|s 9f60ed8a-f9d6-3c49-b15e-7564ab728ece
|i 0f996fa4-c06f-3689-94c3-eb11bedd6480
|t 0
|
| 952 |
f |
f |
|p preservation
|a Texas A&M University
|b J.J. Pickle Campus
|c High Density Repository
|d Remote Storage
|t 0
|e QL 737 C25 P882f 1993
|h National Library of Medicine classification
|i unmediated -- volume
|m 3238901690558
|
| 998 |
f |
f |
|a QL 737 C25 P882f 1993
|t 0
|l Remote Storage
|